000 01133 a2200217 4500
020 _a0133977048
020 _a9780133977042
082 0 4 _a658.022
090 _c2858
_d2858
100 1 _aScarborough, Norman M.
245 1 0 _aEffective small business management /
_cNorman M. Scarborough.
250 _a5 Sub ed.
260 _a[S.l.] :
_bPrentice Hall,
_c1995.
300 _a882 p. ;
_c27 cm.
500 _aHardcover.
520 _aFor courses in Small Business Management, Starting and Managing a Business, Entrepreneurship, Introduction to Business. This text offers comprehensive practical, hands-on advice for all areas of concern to the small business student - e.g., business plans, financing, location and layout, marketing, advertising and promotion, purchasing, inventory, crime, computers, human resource management, business law and government regulation.
700 1 _aZimmerer, Thomas W.
856 4 0 _3Amazon.com
_uhttp://www.amazon.com/exec/obidos/ASIN/0133977048/chopaconline-20
856 4 0 _3Amazon customer reviews
_uhttp://www.chopac.org/cgi-bin/tools/azrev.pl?q=0133977048
942 _aNBS
_cBK
_k658.022 SCA
999 _c345348
_d345348